Central Library OPAC University of Rajshahi

Studies in Indian cultural history / (Record no. 15818)

MARC details
000 -LEADER
fixed length control field 01202cam a2200325 i 4500
001 - CONTROL NUMBER
control field 15818
003 - CONTROL NUMBER IDENTIFIER
rucl marc code BD-RjUL
005 - DATE AND TIME OF LATEST TRANSACTION
control field 20211208235907.0
008 - FIXED-LENGTH DATA ELEMENTS--GENERAL INFORMATION
fixed length control field 140211t1961 ii b 001 0 eng
035 ## - SYSTEM CONTROL NUMBER
System control number (BD-RjUL)15873
040 ## - CATALOGING SOURCE
Original cataloging agency DLC
Transcribing agency DLC
Modifying agency DLC
-- BD-RjUL
Language of cataloging eng
041 ## - LANGUAGE CODE
Language code of text/sound track or separate title eng
082 00 - DEWEY DECIMAL CLASSIFICATION NUMBER
Classification number 609.54
Author mark and year GOS 1961
100 1# - MAIN ENTRY--PERSONAL NAME
Personal name Gode, P. K.
Fuller form of name (Parshuram Krishna)
9 (RLIN) 49052
245 10 - TITLE STATEMENT
Title Studies in Indian cultural history /
Statement of responsibility, etc. by P. K. Gode.
Number of part/section of a work Volume-1
260 ## - PUBLICATION, DISTRIBUTION, ETC. (IMPRINT)
Place of publication, distribution, etc. Hoshiarpur :
Name of publisher, distributor, etc. Vishveshvaranand Vedic Research Institute,
Date of publication, distribution, etc. 1961,
300 ## - PHYSICAL DESCRIPTION
Pagination V-1 (x, 495 p.) ;
Size 25 cm.
490 1# - SERIES STATEMENT
Series statement Vishveshvaranand Institute publication ; 189
500 ## - GENERAL NOTE
General note Vol. 2 has imprint: Prof. P. K. Gode Collected Works Publishing Committee, Poona.
General note Vol. 2 issued in series P. K. Gode studies, v. 5.
504 ## - BIBLIOGRAPHY, ETC. NOTE
Bibliography, etc Includes bibliographical references and indexes.
650 #0 - SUBJECT ADDED ENTRY--TOPICAL TERM
Topical term or geographic name as entry element Technology
Geographic subdivision India
General subdivision History.
9 (RLIN) 24751
830 #0 - SERIES ADDED ENTRY--UNIFORM TITLE
Volume number/sequential designation v. 5.
Uniform title P. K. Gode studies ;
856 41 - ELECTRONIC LOCATION AND ACCESS
Materials specified Table of contents
Uniform Resource Identifier <a href="http://www.loc.gov/catdir/toc/fy052/70911825.html">http://www.loc.gov/catdir/toc/fy052/70911825.html</a>
942 ## - ADDED ENTRY ELEMENTS (KOHA)
Source of classification or shelving scheme Dewey Decimal Classification
Koha item type Books
Holdings
Lost status Source of classification or shelving scheme Materials specified (bound volume or other part) Damaged status Not for loan Collection code Permanent Location Current Location Shelving location Date acquired Source of acquisition Cost, normal purchase price Total Checkouts Full call number Date last seen Copy number Koha item type
  Dewey Decimal Classification V-1   Not For Loan Non-fiction Central Library, University of Rajshahi Central Library, University of Rajshahi Reading Room 17/05/1965 Zeitlinger 80.00   609.54 GOS 1961 11/02/2014 C-1 Books